[Event "ROM-ch U14"]
[Site "Calimanesti"]
[Date "2018.04.03"]
[Round "9"]
[White "Kocak, Halil"]
[Black "Balan, Bogdan"]
[Result "0-1"]
[WhiteElo "1236"]
[BlackElo "1860"]
[PlyCount "100"]
[EventDate "2018.03.27"]
[EventType "swiss"]
[EventRounds "9"]
[EventCountry "ROU"]
[SourceTitle "EXT 2019"]
[Source "ChessBase"]
[SourceDate "2018.10.10"]
[SourceVersion "1"]
[SourceVersionDate "2018.10.10"]
[SourceQuality "1"]

1. e4 c5 2. d3 Nc6 3. g3 g6 4. Bg2 Bg7 5. Ne2 e6 6. 0-0 Nge7 7. Nd2 0-0 8. c3 d5 9. f4 b6 10. g4 Ba6 11. exd5 exd5 12. Qc2 Qd7 13. h3 Rae8 14. Nf3 d4 15. c4 Nb4 16. Qd2 b5 17. b3 Nbc6 18. Ba3 b4 19. Bb2 Bb7 20. Ng3 f5 21. g5 a5 22. h4 a4 23. Kf2 a3 24. Bc1 Nc8 25. Qc2 Nd6 26. Bd2 Ne4+ 27. dxe4 fxe4 28. Nxe4 d3 29. Nxc5 Bd4+ 30. Kg3 Bxc5 31. Qd1 Nd4 32. Ne5 Rxe5 33. fxe5 Ne2+ 34. Kh2 Rxf1 35. Qxf1 Bg1+ 36. Qxg1 Nxg1 37. Rxg1 Bxg2 38. Rxg2 Qf5 39. Kg3 Qxe5+ 40. Bf4 Qe1+ 41. Kh3 Kf7 42. c5 Qh1+ 43. Kg3 Qe1+ 44. Kh3 Qc3 45. Rd2 Qxc5 46. Kg2 Qc3 47. Kf3 Ke6 48. Ke3 Kf5 49. Bg3 Qc5+ 50. Kxd3 Qc3+ 0-1

[Event "ROM-ch U14"]
[Site "Calimanesti"]
[Date "2018.03.29"]
[Round "3"]
[White "Kocak, Halil"]
[Black "Gavris, Alexandru Catalin"]
[Result "1/2-1/2"]
[WhiteElo "1236"]
[BlackElo "1535"]
[PlyCount "65"]
[EventDate "2018.03.27"]
[EventType "swiss"]
[EventRounds "9"]
[EventCountry "ROU"]
[SourceTitle "CBM 183 Extra"]
[Source "ChessBase"]
[SourceDate "2018.04.19"]
[SourceVersion "1"]
[SourceVersionDate "2018.04.19"]
[SourceQuality "1"]

1. d4 d5 2. Nf3 Nf6 3. e3 c6 4. Bd3 e6 5. 0-0 a6 6. Nbd2 b5 7. b3 c5 8. c4 Bd7 9. Qe2 Qb6 10. cxd5 Nxd5 11. Bb2 Nc6 12. Rac1 cxd4 13. Nxd4 Rc8 14. N2f3 Nf6 15. Nxc6 Bxc6 16. Ne5 Be7 17. Rfd1 0-0 18. Nxc6 Rxc6 19. Rxc6 Qxc6 20. Rc1 Qb7 21. Qc2 h6 22. Qc6 Qxc6 23. Rxc6 Rd8 24. Bc2 Nd5 25. a3 a5 26. h3 b4 27. a4 Rd6 28. Rc8+ Rd8 29. Rc6 Bd6 30. Kf1 Be7 31. Ke2 Rd6 32. Rc8+ Rd8 33. Rc6 1/2-1/2

[Event "ROM-ch U14"]
[Site "Calimanesti"]
[Date "2018.03.27"]
[Round "1"]
[White "Kocak, Halil"]
[Black "Balaban Voia, Alexandru"]
[Result "0-1"]
[WhiteElo "1236"]
[BlackElo "1807"]
[PlyCount "58"]
[EventDate "2018.03.27"]
[EventType "swiss"]
[EventRounds "9"]
[EventCountry "ROU"]
[SourceTitle "CBM 183 Extra"]
[Source "ChessBase"]
[SourceDate "2018.04.19"]
[SourceVersion "1"]
[SourceVersionDate "2018.04.19"]
[SourceQuality "1"]

1. e4 g6 2. d4 Bg7 3. f4 d6 4. Nc3 e6 5. Nf3 Nf6 6. Bd2 Nc6 7. Bb5 a6 8. Bd3 b5 9. a3 Ne7 10. Qe2 Bb7 11. 0-0 c5 12. e5 dxe5 13. dxe5 Nd7 14. Be4 Bxe4 15. Nxe4 0-0 16. c4 Qb6 17. cxb5 axb5 18. Rac1 Nd5 19. Kh1 c4 20. Qf2 Rfd8 21. Qxb6 N7xb6 22. Nd4 Nc7 23. Nc6 Rd7 24. Ba5 Ncd5 25. Nd6 Rc7 26. Bxb6 Rxc6 27. Bd4 Rxd6 28. exd6 Bxd4 29. Rcd1 Ne3 0-1

[Event "ROM-ch U12"]
[Site "Baile Felix"]
[Date "2017.02.09"]
[Round "9"]
[White "Oltean, Cristian Daniel"]
[Black "Kocak, Halil"]
[Result "1-0"]
[WhiteElo "1235"]
[BlackElo "1105"]
[PlyCount "49"]
[EventDate "2017.02.02"]
[EventType "swiss"]
[EventRounds "9"]
[EventCountry "ROU"]
[SourceTitle "CBM 176 Extra"]
[Source "ChessBase"]
[SourceDate "2017.03.02"]
[SourceVersion "1"]
[SourceVersionDate "2017.03.02"]
[SourceQuality "1"]

1. e4 e6 2. d4 f5 3. exf5 Nf6 4. Nf3 Bd6 5. Bd3 0-0 6. 0-0 b6 7. fxe6 Bb7 8. Bg5 Qe8 9. Nbd2 Qxe6 10. Bc4 Nd5 11. Bb3 Qg6 12. c4 Kh8 13. cxd5 c6 14. Re1 h6 15. Be7 Rf7 16. Bc2 Bxh2+ 17. Kxh2 Qh5+ 18. Kg1 c5 19. Ne5 Qxd1 20. Raxd1 Rf4 21. Ng6+ Kg8 22. Nxf4 Kf7 23. Bg6+ Kg8 24. Bd8 Bxd5 25. Re8# 1-0

[Event "ROM-ch U12"]
[Site "Baile Felix"]
[Date "2017.02.07"]
[Round "7"]
[White "Oprea, Rares Andrei"]
[Black "Kocak, Halil"]
[Result "1/2-1/2"]
[WhiteElo "1505"]
[BlackElo "1105"]
[PlyCount "79"]
[EventDate "2017.02.02"]
[EventType "swiss"]
[EventRounds "9"]
[EventCountry "ROU"]
[SourceTitle "CBM 176 Extra"]
[Source "ChessBase"]
[SourceDate "2017.03.02"]
[SourceVersion "1"]
[SourceVersionDate "2017.03.02"]
[SourceQuality "1"]

1. e4 c6 2. d4 d5 3. exd5 cxd5 4. Bd3 Nc6 5. c3 Nf6 6. Bf4 Bg4 7. Nf3 e6 8. Nbd2 Bd6 9. Bxd6 Qxd6 10. 0-0 0-0 11. h3 Bh5 12. Re1 Rac8 13. Qa4 a6 14. Ne5 Nd7 15. Nxc6 Qxc6 16. Qc2 Bg6 17. Nf3 Qd6 18. Qd2 Bxd3 19. Qxd3 Rc7 20. Rac1 Rfc8 21. Rc2 Qe7 22. Rec1 Qd6 23. b3 Qe7 24. c4 dxc4 25. Rxc4 Qd6 26. Qe2 Rc6 27. Nd2 Nf6 28. Rxc6 Rxc6 29. Rxc6 Qxc6 30. Qc4 Qxc4 31. bxc4 Kf8 32. Nb3 b6 33. f3 Ke7 34. Kf2 Kd6 35. Ke3 h6 36. a4 Kc6 37. g4 g5 38. Nd2 Kd6 39. Ne4+ Nxe4 40. Kxe4 1/2-1/2

[Event "ROM-ch U12"]
[Site "Baile Felix"]
[Date "2017.02.04"]
[Round "3"]
[White "Kocak, Halil"]
[Black "Baciu, Daniel"]
[Result "1-0"]
[WhiteElo "1105"]
[BlackElo "1407"]
[PlyCount "89"]
[EventDate "2017.02.02"]
[EventType "swiss"]
[EventRounds "9"]
[EventCountry "ROU"]
[SourceTitle "CBM 176 Extra"]
[Source "ChessBase"]
[SourceDate "2017.03.02"]
[SourceVersion "1"]
[SourceVersionDate "2017.03.02"]
[SourceQuality "1"]

1. e4 c5 2. Nf3 g6 3. d4 cxd4 4. Nxd4 Bg7 5. Nc3 Nc6 6. Nxc6 bxc6 7. Bc4 d6 8. 0-0 Bb7 9. Be3 Nf6 10. f4 Nxe4 11. Nxe4 d5 12. Nc5 Qb6 13. Bb3 Ba6 14. Rf3 Bb5 15. Ne6 c5 16. Nxg7+ Kf8 17. a3 Kxg7 18. Qxd5 Rhf8 19. Qxc5 Qxc5 20. Bxc5 Rfe8 21. Re3 e6 22. a4 Ba6 23. Rd1 Rec8 24. Rc3 Kg8 25. Be7 Rxc3 26. bxc3 Rc8 27. Rd8+ Rxd8 28. Bxd8 Kf8 29. Kf2 Ke8 30. Bf6 Kd7 31. Bd4 Bb7 32. Bxa7 Kd6 33. g3 Bd5 34. Bxd5 Kxd5 35. Ke3 f5 36. a5 Kc4 37. a6 Kb5 38. Kd4 Kxa6 39. Ke5 Kxa7 40. Kxe6 Kb6 41. Kf6 Kc6 42. Kg7 Kd5 43. Kxh7 Kc4 44. Kxg6 Kxc3 45. Kxf5 1-0

[Event "ROM-ch U12"]
[Site "Calimanesti Caciulata"]
[Date "2016.04.23"]
[Round "7"]
[White "Udroiu, Mihnea Alexandru"]
[Black "Kocak, Halil"]
[Result "1/2-1/2"]
[WhiteElo "1062"]
[BlackElo "1075"]
[PlyCount "49"]
[EventDate "2016.04.18"]
[EventType "swiss"]
[EventRounds "9"]
[EventCountry "ROU"]
[SourceTitle "CBM 172 Extra"]
[Source "ChessBase"]
[SourceDate "2016.06.21"]
[SourceVersion "1"]
[SourceVersionDate "2016.06.21"]
[SourceQuality "1"]

1. e4 c6 2. Nf3 d5 3. e5 Bf5 4. d4 e6 5. Be2 Nd7 6. 0-0 Qc7 7. Bf4 0-0-0 8. Ng5 Nb6 9. Nc3 h6 10. Nh3 Bxh3 11. gxh3 g5 12. Bg3 h5 13. Bxh5 Qe7 14. Qe1 Rxh5 15. f4 gxf4 16. Rxf4 Qd7 17. Rh4 Rxh4 18. Bxh4 Be7 19. Bg3 Nh6 20. Qe3 Nf5 21. Qf4 Rg8 22. Kh1 Bg5 23. Qg4 Ne3 24. Qe2 Nbc4 25. b3 1/2-1/2

[Event "ROM-ch U12"]
[Site "Calimanesti Caciulata"]
[Date "2016.04.21"]
[Round "5"]
[White "Raducu, Ioan Stefan"]
[Black "Kocak, Halil"]
[Result "1-0"]
[WhiteElo "1321"]
[BlackElo "1075"]
[PlyCount "53"]
[EventDate "2016.04.18"]
[EventType "swiss"]
[EventRounds "9"]
[EventCountry "ROU"]
[SourceTitle "CBM 172 Extra"]
[Source "ChessBase"]
[SourceDate "2016.06.21"]
[SourceVersion "1"]
[SourceVersionDate "2016.06.21"]
[SourceQuality "1"]

1. d4 d5 2. c4 c6 3. Nc3 e6 4. Nf3 Nd7 5. Bf4 Ngf6 6. e3 Bb4 7. a3 Be7 8. Bd3 0-0 9. 0-0 Nh5 10. Ne5 Bd6 11. Qxh5 h6 12. Nxd7 Qxd7 13. Bxh6 gxh6 14. Qxh6 f6 15. c5 Bc7 16. Ne2 Qg7 17. Qxg7+ Kxg7 18. f4 Kf7 19. Ng3 Ke7 20. e4 dxe4 21. Nxe4 Rg8 22. Rae1 Bd7 23. f5 Rg7 24. fxe6 Bxe6 25. Nxf6 Rf8 26. d5 cxd5 27. Nxd5+ 1-0